| 000 | 00388nam a22001457a 4500 | ||
|---|---|---|---|
| 005 | 20200521112153.0 | ||
| 008 | 200521b xxu||||| |||| 00| 0 eng d | ||
| 020 | _a8174732845 | ||
| 041 | _aeng | ||
| 082 | _a615 | ||
| 245 | _aQuality Assurance of pharmaceuticals: A Compendium of guidelines and releted Materlals I | ||
| 260 |
_aDelhi _bAITBS PUBLISHERS |
||
| 300 | _a238p. | ||
| 942 | _cBK | ||
| 999 |
_c6370 _d6368 |
||